Les 20 communes françaises les plus pauvres - Statistiques

Statistiques générales
  • Ce quiz a été pris 66 fois
  • Le résultat moyen est 4 sur 20
Statistiques - réponses
Taux de pauvreté Ville % Correct
37 Saint-Denis
79%
43 Roubaix
77%
41 Aubervilliers
45%
44 Grigny
37%
41 La Courneuve
29%
36 Stains
23%
42 Clichy-sous-Bois
21%
38 Creil
16%
38 Garges-lès-Gonesse
16%
37 Saint-Pierre
11%
39 Le Tampon
10%
35 Villiers-le-Bel
10%
39 Pierrefitte-sur-Seine
6%
45 Le Port
5%
44 Saint-André
5%
45 Saint-Benoît
5%
36 Saint-Leu
5%
44 Saint-Louis
3%
44 Saint-Joseph
2%
35 Sainte-Suzanne
0%
Aucun quiz correspondant
Distribution des résultats
% des personnes avec chaque résultat
Percentile par nombre de réponses
Votre historique - résultats
Vous n’avez pas pris ce quiz